Matériaux industriels: Matériaux polymères

Đã lưu trong:
Bibliografiske detaljer
Hovedforfatter: Marc Carrega
Format: Bog
Sprog:Undetermined
Udgivet: Paris Dunod 2000
Fag:
Tags: Tilføj Tag
Ingen Tags, Vær først til at tagge denne postø!
Thư viện lưu trữ: Trung tâm Học liệu Trường Đại học Cần Thơ
LEADER 00482nam a2200169Ia 4500
001 CTU_56435
008 210402s9999 xx 000 0 und d
082 |a 620.192 
082 |b C314 
100 |a Marc Carrega 
245 0 |a Matériaux industriels: Matériaux polymères 
245 0 |c Marc Carrega 
260 |a Paris 
260 |b Dunod 
260 |c 2000 
650 |a materials science,strength of materials,polymers 
980 |a Trung tâm Học liệu Trường Đại học Cần Thơ